5HLuxD.jpg

KING HENRY VIII SENIOR AND PRIMARY SCHOOL LIBRARY OPAC

The secret diary of Adrian Mole aged 13 3/4 / (Record no. 5827)

000 -LEADER
fixed length control field 00872 am a2200289ua 4500
001 - CONTROL NUMBER
control field 011934755
003 - CONTROL NUMBER IDENTIFIER
control field Uk
005 - DATE AND TIME OF LATEST TRANSACTION
control field 20251118101352.0
008 - FIXED-LENGTH DATA ELEMENTS--GENERAL INFORMATION
fixed length control field 021104r20021982enk || 000 1|eng
020 ## - INTERNATIONAL STANDARD BOOK NUMBER
International Standard Book Number 9780141010830
039 0# - LEVEL OF BIBLIOGRAPHIC CONTROL AND CODING DETAIL [OBSOLETE]
Level of rules in bibliographic description 2716
040 ## - CATALOGING SOURCE
Original cataloging agency StDuBDS
Modifying agency Uk
Transcribing agency KH8
082 04 - DEWEY DECIMAL CLASSIFICATION NUMBER
Classification number FIC TOW
Edition number 21
100 1# - MAIN ENTRY--PERSONAL NAME
Personal name Townsend, Sue,
Relator term author.
245 14 - TITLE STATEMENT
Title The secret diary of Adrian Mole aged 13 3/4 /
Statement of responsibility, etc. Sue Townsend.
260 ## - PUBLICATION, DISTRIBUTION, ETC.
Place of publication, distribution, etc. London :
Name of publisher, distributor, etc. Penguin,
Date of publication, distribution, etc. 2002, c1982.
300 ## - PHYSICAL DESCRIPTION
Extent 259 p. ;
Dimensions 19 cm.
336 ## - CONTENT TYPE
Content type term text
Source rdacontent
337 ## - MEDIA TYPE
Media type term unmediated
Source rdamedia
338 ## - CARRIER TYPE
Carrier type term volume
Source rdacarrier
500 ## - GENERAL NOTE
General note Originally published: London: Methuen, 1982.
650 #0 - SUBJECT ADDED ENTRY--TOPICAL TERM
Topical term or geographic name entry element Teenage boys
Geographic subdivision England
Form subdivision Fiction.
651 #0 - SUBJECT ADDED ENTRY--GEOGRAPHIC NAME
Geographic name Great Britain
General subdivision Social life and customs
Chronological subdivision 1945-
Form subdivision Fiction.
655 07 - INDEX TERM--GENRE/FORM
Genre/form data or focus term Diary fiction.
Source of term lcsh
655 07 - INDEX TERM--GENRE/FORM
Genre/form data or focus term Humorous stories.
Source of term gsafd
942 ## - ADDED ENTRY ELEMENTS (KOHA)
Source of classification or shelving scheme
Koha item type Books - Fiction
Holdings
Withdrawn status Lost status Source of classification or shelving scheme Damaged status Not for loan Collection code Permanent Location Current Location Shelving location Date acquired Full call number Barcode Date last seen Copy number Price effective from Koha item type
          Fiction KH8 Senior School Library KH8 Senior School Library Young Adult 2025-11-18 FIC TOW 3KHSL000102519 2025-11-18 Donation Book 2025-11-18 Books - Fiction

Powered By KH8 IT Dept